Gaming Quiz

Random Gaming or Card Games Quiz
Score 0/31 Timer 05:00
5 Plays Today
% Correct
Twister
94.6%
Chess
94.4%
Jenga
94.2%
Connect Four
93.8%
Uno
93.7%
Operation
93.6%
Hungry Hungry Hippos
93.2%
Battleship
92.8%
Scrabble
92.5%
Mouse Trap
91.4%
Checkers
91.3%
Candyland
91.2%
Dominoes
89.6%
Clue|Cluedo
88.9%
Monopoly
88.9%
Trivial Pursuit
88.4%
% Correct
Yahtzee|Yacht
86.5%
Magic: The Gathering
85.2%
Cards Against Humanity
84.6%
The Game of Life
83.9%
Risk
83.5%
Boggle
82.8%
Othello|Reversi
81.3%
Mahjong
81.2%
Trouble
80.6%
Scattergories
79.1%
Cribbage
76.6%
Perfection
72%
Sorry!
71.6%
Set
71.2%
Cranium
63.2%
Remove Ads.
Support Sporcle.
Get the best of Sporcle when you Go Orange. This ad-free experience offers more features, more stats, and more fun while also helping to support Sporcle. Thank you for becoming a member.

You're not logged in!

Compare scores with friends on all Sporcle quizzes.
OR
Log In

Show Comments

Extras

Top Quizzes Today


Score Distribution

Your Account Isn't Verified!

In order to create a playlist on Sporcle, you need to verify the email address you used during registration. Go to your Sporcle Settings to finish the process.

Report this User

Report this user for behavior that violates our Community Guidelines.

Details: